Metabolic symbiosis and the birth of the plant kingdom /
Zapisane w:
| Kolejni autorzy: | , , , , , , , , , , , , , , , , |
|---|---|
| Format: | Artykuł |
| Język: | English |
| Hasła przedmiotowe: | |
| Etykiety: |
Dodaj etykietę
Nie ma etykietki, Dołącz pierwszą etykiete!
|
| Thư viện lưu trữ: | Thư viện Trường Đại học Đà Lạt |
|---|
| LEADER | 01611nam a2200469 4500 | ||
|---|---|---|---|
| 001 | DLU090067400 | ||
| 005 | ##20090420 | ||
| 040 | # | # | |a DLU |b eng |
| 041 | # | # | |a eng |
| 044 | # | # | |a UK |
| 245 | # | # | |a Metabolic symbiosis and the birth of the plant kingdom / |c Philippe Deschamps, Christophe Colleoni, Yasunori Nakamura, Eiji Suzuki, Jean-Luc Putaux, Alain Buleon, Sophie Haebel, Gerhard Ritte, Martin Steup, Luisa I. Falcon, David Moreira, Wolfgang Loffelhardt, Jenifer Nirmal Raj, Charlotte Plancke, Christophe d'Hulst, David Dauvillee, Steven Ball. |
| 653 | # | # | |a Endosymbiosis |
| 653 | # | # | |a Glycogen |
| 653 | # | # | |a Plastid |
| 653 | # | # | |a Starch |
| 700 | # | # | |a Ball, Steven. |
| 700 | # | # | |a Buleon, Alain. |
| 700 | # | # | |a Colleoni, Christophe. |
| 700 | # | # | |a D'Hulst, Christophe. |
| 700 | # | # | |a Dauvillee, David. |
| 700 | # | # | |a Deschamps, Philippe. |
| 700 | # | # | |a Falcon, Luisa I. |
| 700 | # | # | |a Haebel, Sophie. |
| 700 | # | # | |a Loffelhardt, Wolfgang. |
| 700 | # | # | |a Moreira, David. |
| 700 | # | # | |a Nakamura, Yasunori. |
| 700 | # | # | |a Plancke, Charlotte. |
| 700 | # | # | |a Putaux, Jean-Luc. |
| 700 | # | # | |a Raj, Jenifer Nirmal. |
| 700 | # | # | |a Ritte, Gerhard. |
| 700 | # | # | |a Steup, Martin. |
| 700 | # | # | |a Suzuki, Eiji. |
| 773 | # | # | |t Molecular Biology and Evolution |g Vol. 25, no. 3 (March 2008), p. 536-548 |
| 920 | # | # | |a Phòng Tạp chí -- Trung tâm Thông tin - Thư viện Trường Đại học Đà Lạt |
| 994 | # | # | |a DLU |
| 900 | # | # | |a True |
| 911 | # | # | |a Trương Bảo Trâm Anh |
| 925 | # | # | |a G |
| 926 | # | # | |a A |
| 927 | # | # | |a BB |
| 980 | # | # | |a Thư viện Trường Đại học Đà Lạt |